000
00270nam a2200109Ia 4500
008
180205s9999 xx 000 0 und d
020
_a
9780140623321
100
_a
Shelley, Mark
245
_a
Frankenstein /
260
_a
USA :
_b
Penguin books
_c
1994
300
_a
214 pages
999
_c
354954
_d
354954